00606 2200205 4500001002100000005001700021008004100038035002400079090001600103245011500119250001100234260003000245300002500275650002400300700002500324850001500349980001500364985000600379999001500385YOGYA-0209000002385520090227023818.0 ind  0010-020900000023855 a336bBuklR aBUKU pedoman bendaharawan pegawai administrasi pengawas keuanganctim penyusun Harjono Sumosudirdjo...[et.al.] aCet. 6 aJakartabKurnia Esac1982 a988 hlmbilusc22 cm aBendaharawan negara aSumosudirjo, Haryono aYOPDYOG(B) a03-02-2007 a1 a06A0021734